000 00463nam a2200169 a 4500
005 20260424130427.0
008 260416s2026##################000#0#eng##
020 _a9780406000484
_qhbk
041 _aEng
082 0 4 _a348.42 BRI
100 _aBridgman, G.F.L
245 1 0 _aThe All England Law Reports
_c/ edited by G.F.L Bridgman
250 _arerint
260 _aUnited Kingdom:
_bReed Elsevier,
_c1959.
300 _a742p.
_c;20 cm.
942 _cENGLISH
999 _c619548
_d619548